Top 20 Most Visited Countries - Statistics

General Stats
  • This quiz has been taken 112 times
  • The average score is 18 of 20
Answer Stats
Tourists / year (millions) Answer % Correct
89.4 France
99%
45 Mexico
98%
83.7 Spain
98%
39.4 United Kingdom
98%
79.3 United States of America
98%
65.7 China
97%
39.6 Germany
97%
64.5 Italy
97%
32.3 Japan
96%
22.1 Canada
95%
31.3 Greece
92%
24.6 Portugal
92%
24.4 Russia
90%
51.2 Turkey
86%
20.1 Netherlands
84%
39.8 Thailand
78%
31.9 Austria
77%
22.1 Poland
77%
18 Vietnam
61%
26.1 Malaysia
53%
No matching quizzes found
Score Distribution
Percent of People with Each Score
Percentile by Number Answered
Your Score History
You have not taken this quiz